| Tag |
First Indicator |
Second Indicator |
Subfields |
| LEADER |
00000nam a2200000 i 4500 |
| 001 |
in00004750430 |
| 006 |
m o d f |
| 007 |
cr ||||||||||| |
| 008 |
230922s2023 dcua ob f000 0 eng c |
| 005 |
20231030203139.6 |
| 035 |
|
|
|a (OCoLC)on1399136300
|
| 040 |
|
|
|a GPO
|b eng
|e rda
|e pn
|c GPO
|d MvI
|
| 042 |
|
|
|a pcc
|
| 043 |
|
|
|a n-us---
|
| 049 |
|
|
|a WWW
|
| 074 |
|
|
|a 0546-D (online)
|
| 086 |
0 |
|
|a GA 1.13:GAO-23-105543
|
| 088 |
|
|
|a GAO-23-105543
|
| 110 |
1 |
|
|a United States.
|b Government Accountability Office,
|e author.
|
| 245 |
1 |
0 |
|a World Bank :
|b borrower countries' contracts to businesses in the U.S. and to entities potentially on U.S. sanctions or other lists of concern : report to congressional requesters /
|c United States Government Accountability Office.
|
| 246 |
3 |
0 |
|a Borrower countries' contracts to businesses in the U.S. and to entities potentially on U.S. sanctions or other lists of concern
|
| 246 |
1 |
7 |
|a GAO-23-105543 World Bank
|
| 264 |
|
1 |
|a Washington, DC :
|b United States Government Accountability Office,
|c 2023.
|
| 300 |
|
|
|a 1 online resource (iii, 58 pages) :
|b color illustrations
|
| 336 |
|
|
|a text
|b txt
|2 rdacontent
|
| 337 |
|
|
|a computer
|b c
|2 rdamedia
|
| 338 |
|
|
|a online resource
|b cr
|2 rdacarrier
|
| 500 |
|
|
|a "May 2023."
|
| 500 |
|
|
|a "GAO-23-105543."
|
| 500 |
|
|
|a In scope of the U.S. Government Publishing Office Catalog and Indexing Program (C&I) and Federal Depository Library Program (FDLP).
|
| 500 |
|
|
|a GPO Cataloging Record Distribution Program (CRDP).
|
| 504 |
|
|
|a Includes bibliographical references.
|
| 588 |
|
|
|a Description based on online resource; title from PDF title page (GAO, viewed September 6, 2023).
|
| 610 |
2 |
0 |
|a World Bank.
|
| 650 |
|
0 |
|a Banks and banking, International
|x Law and legislation.
|
| 650 |
|
0 |
|a International economic relations.
|
| 650 |
|
0 |
|a Economic sanctions
|z United States.
|
| 610 |
1 |
0 |
|a United States.
|b Department of the Treasury
|x Rules and practice
|x Evaluation.
|
| 856 |
4 |
0 |
|u https://purl.fdlp.gov/GPO/gpo216221
|t 0
|
| 999 |
f |
f |
|s 545cefed-bd8e-4271-bea0-79166de22b4d
|i 955a5577-0985-42bf-85c0-15a2f84464a5
|t 0
|
| 952 |
f |
f |
|a Texas A&M University
|b College Station
|c Electronic Resources
|d Available Online
|t 0
|e GA 1.13:GAO-23-105543
|h Superintendent of Documents classification
|
| 998 |
f |
f |
|a GA 1.13:GAO-23-105543
|t 0
|l Available Online
|